ARRUPE JESUIT UNIVERSITY

CORONAVIRUS -STOP THE SPREAD - CLEAN,DISINFECT,COVER

Southern Rhodesia (Record no. 41944)

MARC details
000 -LEADER
fixed length control field 00412nam a2200181Ia 4500
003 - CONTROL NUMBER IDENTIFIER
control field 0100
005 - DATE AND TIME OF LATEST TRANSACTION
control field 20170428085759.0
008 - FIXED-LENGTH DATA ELEMENTS--GENERAL INFORMATION
fixed length control field 130303s9999 xx 000 0 und d
040 ## - CATALOGING SOURCE
Transcribing agency ARRUPELIB
050 ## - LIBRARY OF CONGRESS CALL NUMBER
Classification number DT962.R4 1964
300 ## - PHYSICAL DESCRIPTION
Other physical details 23 cm
245 ## - TITLE STATEMENT
Title Southern Rhodesia
245 ## - TITLE STATEMENT
Remainder of title the price of freedom
260 ## - PUBLICATION, DISTRIBUTION, ETC. (IMPRINT)
Name of publisher, distributor, etc Stuart Manning
Place of publication, distribution, etc Bulawayo
Date of publication, distribution, etc 1964
300 ## - PHYSICAL DESCRIPTION
Extent 141p.
650 ## - SUBJECT ADDED ENTRY--TOPICAL TERM
Topical term or geographic name as entry element Zimbabwe
General subdivision Politics
9 (RLIN) 3690
700 ## - ADDED ENTRY--PERSONAL NAME
Personal name Rea, Fred B. (ed)
9 (RLIN) 30012
942 ## - ADDED ENTRY ELEMENTS (KOHA)
Source of classification or shelving scheme Library of Congress Classification
Koha item type Monograph ( Printed materials)
Holdings
Withdrawn status Lost status Source of classification or shelving scheme Damaged status Not for loan Collection code Home library Current library Shelving location Date acquired Total Checkouts Full call number Barcode Date last seen Date checked out Copy number Price effective from Koha item type
    Library of Congress Classification     Main Collection ARRUPE LIBRARY ARRUPE LIBRARY   04/03/2013 1 DT962.R4 1964 46003034708 07/03/2022 02/02/2022 1 04/03/2013 Monograph ( Printed materials)

 

Arrupe Library. PO Box MP320 Mt Pleasant, Harare, Zimbabwe
263 242 745411|librarian@aju.ac.zw